F1 Random questions - Statistics

General Stats
  • This quiz has been taken 32 times
  • The average score is 9 of 15
Answer Stats
Hint Answer % Correct
2009 World Champion Jenson Button
92%
Biggest gap between first and second ever recorded at a GP (number of laps) 2
85%
Color of a flag meaning that the pilot is getting lapped Blue
81%
Number of countries hosting an F1 grand prix in 2024 22
77%
Formula 2 driver who drove for Ferrari at Djeddah in 2024 Oliver Bearman
77%
Kimi Raikkonnen's nickname The iceman
73%
Number of wins held by Lewis Hamilton throughout his whole career 103
65%
First ever world champion (1950) Giuseppe Farina
65%
Name of redbull's car conceptor/aerodynamicist Adrian Newey
62%
Grand prix (circuit and year) at which Romain Grosjean had his infamous crash Bahrain 2020
58%
Team that ran a six-wheel car Tyrell
50%
When a car continues straight in a turn despite steering input Understeer
46%
Williams current team principal James Vowles
42%
Type/name of the old purple tires Ultra soft
42%
Name of the current F1 director Stefano Domenicali
19%
No matching quizzes found
Score Distribution
Percent of People with Each Score
Percentile by Number Answered
Your Score History
You have not taken this quiz